Mario Kart 8 Deluxe Wheels - Statistics

General Stats
  • This quiz has been taken 7 times
  • The average score is 14 of 22
Answer Stats
Answer % Correct
Azure Roller
100%
Cushion
100%
Roller
100%
Slick
100%
Standard
100%
Blue Standard
75%
Button
75%
Metal
75%
Wood
75%
Crimson Slim
50%
GLA Tires
50%
Gold Tires
50%
Hot Monster
50%
Leaf Tires
50%
Monster
50%
Off-Road
50%
Retro Off-Road
50%
Slim
50%
Sponge
50%
Triforce Tires
50%
Ancient Tires
25%
Cyber Slick
25%
No matching quizzes found
Score Distribution
Percent of People with Each Score
Percentile by Number Answered
Your Score History
You have not taken this quiz